| 000 | 01410nam a2200265Ia 4500 | ||
|---|---|---|---|
| 999 |
_c55234 _d55234 |
||
| 001 | 22310 | ||
| 003 | GE_BSU | ||
| 005 | 20250807161238.0 | ||
| 008 | 181216s2007||||ge |||||||||||||| ||geo|| | ||
| 020 | _a978-99940-68-33-3 | ||
| 040 | _cGE_BSU | ||
| 041 | _ageo | ||
| 080 | _a27-23(031) ი-67 | ||
| 245 |
_aმცირე ბიბლიური ენციკლოპედია : ყველა ასაკის მორწმუნეთათვის : _b [კრებული] / _cშემდგ., რედ. და გამომც. ვახტანგ ჟღენტი. |
||
| 264 |
_aთბილისი : _b ვახტანგ ჟღენტი, _c2007. |
||
| 300 |
_a195 გვ. : _bილ. ; _c28 სმ.. |
||
| 490 | _aუცნაურ ამბავთა კრებული-ს ბოლო ; მე-7, I ნაწ. : მესია! ; II ნაწ. : ენციკლოპედიის საკითხავი კარედი | ||
| 541 | _h7 ლ. | ||
| 653 | _aბიბლიური ენციკლოპედია | ||
| 653 | _aრელიგია | ||
| 653 | _aქრისტიანობა | ||
| 653 | _aკრებული | ||
| 653 | _aმცირე ბიბლიური ენციკლოპედია : ყველა ასაკის მორწმუნეთათვის | ||
| 942 |
_cBK _2udc |
||